Norwich City Squad 2024-2025 - Statistics

General Stats
  • This quiz has been taken 19 times
    9 since last reset
  • The average score is 20 of 38
Answer Stats
# Position Nation Player % Correct
1 GK Scotland Angus Gunn
100%
7 FW Spain Borja Sainz
89%
9 FW United States Josh Sargent
89%
26 MF Chile Marcelino Núñez
89%
5 DF Scotland Grant Hanley
78%
- Coach Denmark Johannes Thorup
67%
33 DF Panama José Córdoba
67%
23 MF Scotland Kenny McLean
67%
8 MF England Liam Gibbs
67%
25 FW Cuba Onel Hernández
67%
29 FW Denmark Oscar Schwartau
67%
4 DF Ireland Shane Duffy
67%
18 MF Ghana Amankwah Forson
56%
17 FW Croatia Ante Crnac
56%
14 DF England Ben Chrisene
56%
11 MF Denmark Emiliano Marcondes
56%
10 FW Czech Republic Matěj Jurásek
56%
42 FW Ireland Tony Springett
56%
10 FW England Ashley Barnes
44%
12 GK England George Long
44%
3 DF England Jack Stacey
44%
- Coach England Jack Wilshere
44%
16 MF England Jacob Wright
44%
50 DF England Jaden Warner
44%
35 DF England Kellen Fisher
44%
47 DF England Lucien Mahovo
44%
15 DF Northern Ireland Ruairi McConville
44%
20 MF Tunisia Anis Slimane
33%
40 DF England Brad Hills
33%
6 DF England Callum Doyle
33%
16 FW Switzerland Christian Fassnacht
33%
38 GK Wales Daniel Barden
33%
41 MF Scotland Gabe Forsyth
33%
19 MF Denmark Jacob Lungi Sørensen
33%
22 FW England Lewis Dobbin
33%
39 GK Chile Vicente Reyes
33%
37 GK Scotland Archie Mair
22%
21 FW England Kaide Gordon
22%
No matching quizzes found
Score Distribution
Percent of People with Each Score
Percentile by Number Answered
Your Score History
You have not taken this quiz since the last reset